Geografia do Brasil para a Terceira Série Ginasial
Na minha lista:
| Autor principal: | |
|---|---|
| Formato: | Livro |
| Idioma: | português |
| Publicado em: |
Sao Paulo
Companhia Editora Nacional
1958
|
| Edição: | 79a. ed |
| Assuntos: | |
| Tags: |
Adicionar Tag
Sem tags, seja o primeiro a adicionar uma tag!
|
MARC
| LEADER | 00000nam a2200000 a 4500 | ||
|---|---|---|---|
| 001 | UCU1891 | ||
| 003 | CL-VaPUC | ||
| 008 | 960419e19580000BL |||||||||||||||||por|d | ||
| 082 | 0 | 4 | |a 918.81 |b AZE |2 21 |
| 100 | 0 | |a Azevedo, Aroldo de |e author |9 357679 | |
| 245 | 1 | 0 | |a Geografia do Brasil para a Terceira Série Ginasial |
| 250 | |a 79a. ed | ||
| 300 | |a 253 p | ||
| 942 | |c BK | ||
| 945 | |d 19960419 00:00:00 |a cmena | ||
| 260 | |a Sao Paulo |b Companhia Editora Nacional |c 1958 | ||
| 650 | 0 | |a Geografía física |9 259347 | |
| 650 | 0 | |a Geomorfología |9 261377 | |
| 650 | 0 | |a Emigraciones |9 357680 | |
| 650 | 0 | |a Geografía política |9 268296 | |
| 650 | 0 | |a Medios de comunicación |9 257206 | |
| 650 | 7 | |a GEOGRAFIA AGRICOLA |2 CL-VaPUC |9 264410 | |
| 650 | 0 | |a Industrias |9 263688 | |
| 651 | 0 | |a Brasil |9 267393 | |
| 583 | |a last modification |c 19960419 00:00:00 |k Rodrigo Vera | ||
| 999 | |c 246346 |d 246344 | ||
| 952 | |0 0 |1 0 |4 0 |6 918_810000000000000_AZE_1958 |7 0 |8 A |9 261244 |a BIBING |b BIBING |d 2019-11-19 |i 2018241 |o 918.81 AZE 1958 |p 2018241 |r 2025-01-20 |w 2019-11-19 |y BK |k GEO | ||